| 000 | 00725cam a22001571 4500 | ||
|---|---|---|---|
| 082 |
_a671.823 _bMOL _cL-17, P-52 |
||
| 100 | 1 | _aMolloy, Edward. | |
| 245 | 0 | 0 |
_aSheet-metal work, _bincluding metal spinning, dealing with the methods of working sheet metal into various forms, using hand tools and simple machines. _cPrepared by a staff of technical experts under the direction of E. Molloy. With ninety-five photographs and diagrams. |
| 260 |
_aBrooklyn, N.Y., _bChemical publishing company, inc., _c1941. |
||
| 300 |
_a96 p. _billus., diagrs. _c22 cm. |
||
| 490 | 0 | _aThe "Complete engineer" series, | |
| 526 |
_a0 _b0 _c0 _d671_823000000000000_MOL |
||
| 650 | 0 |
_aMCE _9379 |
|
| 650 | 0 |
_aSheet-metal work. _944988 |
|
| 942 |
_2ddc _cBK |
||
| 999 |
_c548688 _d548688 |
||